| 000 | 00000nam##2200000za#4500 |
| 001 | 9.599004 |
| 003 | CaOODSP |
| 005 | 20210624204842 |
| 007 | cr ||||||||||| |
| 008 | 150406|1998||||xxc|||||o f|0| 0 fre|d |
| 040 | |aCaOODSP|bfre |
| 043 | |an-cn--- |
| 086 | 1 |aBT31-2/1999-III-82F-PDF |
| 110 | 1 |aCanada. |bConseil du trésor. |
| 245 | 10|aDiversification de l'économie de l'Ouest Canada, rapport sur les plans et les priorités (1998-1999) |h[ressource électronique] |
| 260 | |bSecrétariat du Conseil du Trésor du Canada |c[1998]. |
| 300 | |a33p.|borganigramme, tableaux |
| 490 | 1 |aBudget des dépenses 1998-1999. Partie III, Rapport sur les plans et les priorités |v1998-1999 |
| 590 | |a10-12-Supp|b2010-11-18 |
| 775 | 08|tWestern Economic Diversification Canada, report on plans and priorities (1998-1999) |w(CaOODSP)9.567674 |
| 776 | 0#|tDiversification de l'Économie de l'Ouest Canada |w(CaOODSP)9.530391 |
| 776 | 0#|tWestern Economic Diversification Canada |w(CaOODSP)9.530390 |
| 830 | #0|aBudget des dépenses 1998-1999. Partie III, Rapport sur les plans et les priorités ;|v1998-1999|w(CaOODSP)9.502118 |
| 856 | 40|ahttp://publications.gc.ca|qPDF|s91 Ko|uhttps://publications.gc.ca/collections/Collection/BT31-2-1999-III-82F.pdf|y1998-1999 |